000 00911nam a2200217 i 4500
001 53251
003 ES-MaACL
005 20230906162731.0
007 t|
008 940202s1888 sp ||||1| spa d
100 1 _aDupuy de Lôme, Enrique.
_946143
245 1 0 _aMemoria sobre la intervención del Estado en el reino de Italia en la producción y el comercio del vino /
_credactada por D. Enrique Dupuy de Lome.
260 _aMadrid :
_b[s.n.],
_c1888 (
_fMiguel Romero, imp.)
300 _a155 p., [2] h. pleg. ;
_c23 cm.
530 _aDisponible en formato digital.
594 _aPrecede al tít. en cub.: Ministerio de Fomento.
650 4 _aIndustria vitivínicola.
_9141183
710 1 _aEspaña.
_bMinisterio de Fomento.
_93868
852 _aES-MaACL
_jT-943-F-4
_z- Donat. del Ministerio de Fomento
856 _uhttp://bdh-rd.bne.es/viewer.vm?id=0000254079&page=1
_zBiblioteca Digital Hispánica
999 _c53251
_d53251